000
00335cam a2200145ua 4500
041
_a
hin
_h
082
_a
891.54
_b
GOR/CH
100
_a
Gorky, .
245
_a
Chhalana /
_c
Gorky.
_h
Textual Documents
260
_a
:
_b
Hindi Prakat Burasay Company ,
_c
1962.
300
_a
225 ; .
504
_a
942
_c
BK
999
_c
2560
_d
2560